<?xml version="1.0" encoding="UTF-8"?>
<collection xmlns="http://www.loc.gov/MARC21/slim">
 <record>
  <leader>01701nam a22002297a 4500</leader>
  <controlfield tag="001">NCT_35342</controlfield>
  <controlfield tag="008">180515b        xxu||||| |||| 00| 0 vie d</controlfield>
  <datafield tag="999" ind1=" " ind2=" ">
   <subfield code="c">1706</subfield>
   <subfield code="d">1706</subfield>
  </datafield>
  <datafield tag="020" ind1=" " ind2=" ">
   <subfield code="a">97860046600947</subfield>
   <subfield code="c">430000</subfield>
  </datafield>
  <datafield tag="082" ind1="0" ind2="4">
   <subfield code="2">23rd ed.</subfield>
   <subfield code="a">616.0756</subfield>
   <subfield code="b">A107</subfield>
  </datafield>
  <datafield tag="100" ind1="1" ind2=" ">
   <subfield code="a">Nguyến Đạt Anh</subfield>
   <subfield code="e">Chủ biên</subfield>
  </datafield>
  <datafield tag="245" ind1="1" ind2="0">
   <subfield code="a">Các xét nghiệm thường quy áp dụng trong thực hành lâm sàng</subfield>
   <subfield code="c">Nguyễn Đạt Anh, Nguyễn Thị Hương</subfield>
  </datafield>
  <datafield tag="250" ind1=" " ind2=" ">
   <subfield code="a">Tái bản lần thứ 3, có sữa chữa bổ sung</subfield>
  </datafield>
  <datafield tag="260" ind1=" " ind2=" ">
   <subfield code="a">H.</subfield>
   <subfield code="b">Y học</subfield>
   <subfield code="c">2013</subfield>
  </datafield>
  <datafield tag="300" ind1=" " ind2=" ">
   <subfield code="a">864 tr.</subfield>
   <subfield code="b">Minh họa</subfield>
   <subfield code="c">24cm</subfield>
  </datafield>
  <datafield tag="520" ind1="3" ind2=" ">
   <subfield code="a">Cuốn sách cũng giới thiệu tóm lược cho bạn đọc một số phần phụ lúc rất hữu ích như hệ thông đơn vị Quốc tế SI trong ngành Y tế, các trị số quy chiếu bình thường cùng với các hệ số chuyển đổi từ các đơn vị cũ (như gam/L, mg/l,...) sang hệ số SI ... với phần từ vựng khá đầy đủ để làm rõ thêm một số các thuật ngữ chuyên ngành và các hội chứng lâm sàng ít gặp.</subfield>
  </datafield>
  <datafield tag="653" ind1=" " ind2=" ">
   <subfield code="a">Xét nghiệm y học</subfield>
  </datafield>
  <datafield tag="700" ind1="1" ind2=" ">
   <subfield code="a">Nguyễn Thị Hương</subfield>
   <subfield code="e">Chủ biên</subfield>
  </datafield>
  <datafield tag="942" ind1=" " ind2=" ">
   <subfield code="2">ddc</subfield>
   <subfield code="c">BK</subfield>
  </datafield>
  <datafield tag="952" ind1=" " ind2=" ">
   <subfield code="0">0</subfield>
   <subfield code="1">0</subfield>
   <subfield code="2">ddc</subfield>
   <subfield code="4">0</subfield>
   <subfield code="6">616_075600000000000_A107</subfield>
   <subfield code="7">0</subfield>
   <subfield code="9">8152</subfield>
   <subfield code="a">000001</subfield>
   <subfield code="b">000001</subfield>
   <subfield code="d">2018-05-15</subfield>
   <subfield code="o">616.0756 A107</subfield>
   <subfield code="p">MD.09107</subfield>
   <subfield code="r">2018-05-15</subfield>
   <subfield code="v">430000.00</subfield>
   <subfield code="w">2018-05-15</subfield>
   <subfield code="y">BK</subfield>
  </datafield>
  <datafield tag="952" ind1=" " ind2=" ">
   <subfield code="0">0</subfield>
   <subfield code="1">0</subfield>
   <subfield code="2">ddc</subfield>
   <subfield code="4">0</subfield>
   <subfield code="6">616_075600000000000_A107</subfield>
   <subfield code="7">0</subfield>
   <subfield code="9">8153</subfield>
   <subfield code="a">000001</subfield>
   <subfield code="b">000001</subfield>
   <subfield code="d">2018-05-15</subfield>
   <subfield code="l">2</subfield>
   <subfield code="o">616.0756 A107</subfield>
   <subfield code="p">MD.09108</subfield>
   <subfield code="r">2018-06-22</subfield>
   <subfield code="s">2018-06-22</subfield>
   <subfield code="v">430000.00</subfield>
   <subfield code="w">2018-05-15</subfield>
   <subfield code="y">BK</subfield>
  </datafield>
  <datafield tag="980" ind1=" " ind2=" ">
   <subfield code="a">Thư viện Trường Đại học Nam Cần Thơ</subfield>
  </datafield>
 </record>
</collection>
